[Event "Ruhrgebiet Regionalliga 1819"]
[Site "Nordrheinwestfalen"]
[Date "2019.06.02"]
[Round "11.6"]
[White "Gorainow, Nikita"]
[Black "Schmedders, Hans Gerd"]
[Result "0-1"]
[WhiteElo "1950"]
[BlackElo "2050"]
[PlyCount "68"]
[EventDate "2018.09.02"]
[EventType "team-tourn"]
[EventRounds "11"]
[EventCountry "GER"]
[SourceTitle "EXT 2022"]
[Source "ChessBase"]
[SourceDate "2021.10.06"]
[SourceVersion "1"]
[SourceVersionDate "2021.10.06"]
[SourceQuality "1"]
[WhiteTeam "Essen Katernberg II"]
[BlackTeam "Wattenscheid SV II"]
[WhiteTeamCountry "GER"]
[BlackTeamCountry "GER"]

1. e4 e5 2. Nf3 d6 3. d4 Nd7 4. Nc3 Ngf6 5. Bc4 h6 6. 0-0 Be7 7. h3 c6 8. a4 a5 9. Be3 Qc7 10. Qd2 g5 11. dxe5 dxe5 12. h4 gxh4 13. Nxh4 Nc5 14. Bxc5 Bxc5 15. Nf5 Be6 16. Qe2 0-0-0 17. Rad1 Rdg8 18. Bxe6+ fxe6 19. Qc4 exf5 20. Qxc5 f4 21. Qd6 Rg6 22. Qxc7+ Kxc7 23. f3 Rhg8 24. Rd2 Nd7 25. Rfd1 Nc5 26. b3 Ne6 27. Nb1 Nd4 28. Kf1 h5 29. c3 Nxb3 30. Rd7+ Kc8 31. g4 hxg4 32. Rh7 Nc5 33. Nd2 Rd8 34. fxg4 Rxg4 0-1

[Event "Ruhrgebiet Regionalliga 1718"]
[Site "Germany"]
[Date "2018.01.21"]
[Round "5.8"]
[White "Schmedders, Hans Gerd"]
[Black "Zhang, Jingfu"]
[Result "1-0"]
[WhiteElo "2050"]
[BlackElo "1629"]
[PlyCount "45"]
[EventDate "2017.10.01"]
[EventType "team-tourn"]
[EventRounds "9"]
[EventCountry "GER"]
[SourceTitle "EXT 2022"]
[Source "ChessBase"]
[SourceDate "2021.10.06"]
[SourceVersion "1"]
[SourceVersionDate "2021.10.06"]
[SourceQuality "1"]
[WhiteTeam "Wattenscheid SV II"]
[BlackTeam "Dortmund Hansa II"]
[WhiteTeamCountry "GER"]
[BlackTeamCountry "GER"]

1. d4 Nf6 2. Nf3 g6 3. g3 Bg7 4. Bg2 0-0 5. 0-0 d5 6. c4 e6 7. Nc3 c6 8. Qd3 dxc4 9. Qxc4 Nbd7 10. e4 Nb6 11. Qb3 Qe7 12. Bf4 Rd8 13. Rfe1 h6 14. Rad1 g5 15. Be5 Ng4 16. Bxg7 Kxg7 17. e5 h5 18. Ne4 Nh6 19. Nfxg5 Nf5 20. Nf6 Nxd4 21. Qd3 Kh6 22. Qh7+ Kxg5 23. Qxh5# 1-0

[Event "Ruhrgebiet Regionalliga 1617"]
[Site "Germany"]
[Date "2017.01.15"]
[Round "5.6"]
[White "Wagner, Leopold Franziskus"]
[Black "Schmedders, Hans Gerd"]
[Result "1/2-1/2"]
[WhiteElo "1867"]
[BlackElo "2052"]
[PlyCount "149"]
[EventDate "2016.09.11"]
[EventType "team-tourn"]
[EventRounds "9"]
[EventCountry "GER"]
[SourceTitle "EXT 2022"]
[Source "ChessBase"]
[SourceDate "2021.10.06"]
[SourceVersion "1"]
[SourceVersionDate "2021.10.06"]
[SourceQuality "1"]
[WhiteTeam "Muelheim Nord III"]
[BlackTeam "Wattenscheid SV II"]
[WhiteTeamCountry "GER"]
[BlackTeamCountry "GER"]

1. d4 Nf6 2. Bf4 g6 3. Nf3 Bg7 4. Nbd2 d6 5. e4 0-0 6. Bc4 Nxe4 7. Nxe4 d5 8. Bd3 dxe4 9. Bxe4 c5 10. c3 cxd4 11. cxd4 Qb6 12. 0-0 Bg4 13. Qb3 Bxf3 14. Qxb6 axb6 15. gxf3 Nc6 16. Bxc6 bxc6 17. Be3 Rfd8 18. Rfd1 Rd6 19. Rdc1 Ra4 20. b3 Rb4 21. Rab1 Bxd4 22. Bxd4 Rbxd4 23. Rc2 c5 24. Kg2 R6d5 25. Rc4 Rd2 26. a4 Rg5+ 27. Rg4 Rf5 28. Re4 e6 29. b4 Ra2 30. bxc5 bxc5 31. Rc1 Rd5 32. Rec4 Rdd2 33. Rf1 Kg7 34. Rxc5 Rxa4 35. h3 Ra3 36. Rg5 Kf6 37. Rg4 e5 38. Re1 Kf5 39. Rge4 f6 40. R4e3 Raa2 41. Rf1 g5 42. Kg3 h5 43. Kg2 h4 44. Rb3 Re2 45. Rc3 Kg6 46. Rb3 Rad2 47. Rc3 Kf5 48. Ra3 Kf4 49. Rb3 f5 50. Ra3 e4 51. Ra4 Ke5 52. Ra5+ Kf4 53. fxe4 fxe4 54. Ra4 Rd3 55. Rb1 Rf3 56. Rf1 g4 57. hxg4 Kxg4 58. Ra8 h3+ 59. Kg1 e3 60. Rg8+ Kh5 61. Ra1 exf2+ 62. Kf1 Re5 63. Rb1 Rf4 64. Rh8+ Kg4 65. Rg8+ Rg5 66. Rh8 Rh5 67. Rxh5 Kxh5 68. Rb8 Kg4 69. Rg8+ Kh4 70. Rh8+ Kg3 71. Rg8+ Kh2 72. Rg7 Rf3 73. Rh7 Kh1 74. Rg7 h2 75. Rg8 1/2-1/2

[Event "Ruhrgebiet Regionalliga 1516"]
[Site "Germany"]
[Date "2016.04.10"]
[Round "8.6"]
[White "Schmedders, Hans Gerd"]
[Black "Volesky, Alexander"]
[Result "1-0"]
[WhiteElo "2040"]
[BlackElo "1913"]
[PlyCount "85"]
[EventDate "2015.09.13"]
[EventType "team-tourn"]
[EventRounds "9"]
[EventCountry "GER"]
[SourceTitle "EXT 2022"]
[Source "ChessBase"]
[SourceDate "2021.10.06"]
[SourceVersion "1"]
[SourceVersionDate "2021.10.06"]
[SourceQuality "1"]
[WhiteTeam "Wattenscheid SV II"]
[BlackTeam "Ahlen SV"]
[WhiteTeamCountry "GE2"]
[BlackTeamCountry "GER"]

1. d4 Nf6 2. Bg5 Ne4 3. h4 d5 4. e3 h6 5. Bf4 Bf5 6. Bd3 e6 7. Nd2 Nd7 8. Bxe4 dxe4 9. Ne2 Bd6 10. c3 Nf6 11. Nc4 Bg4 12. Ne5 Bxe2 13. Qxe2 a6 14. 0-0-0 Qe7 15. f3 0-0-0 16. g4 exf3 17. Qxf3 Nd7 18. Nc4 Bxf4 19. exf4 Nf6 20. Ne5 Nd7 21. Nc4 Nf6 22. g5 Ne8 23. Rhe1 Nd6 24. Ne3 Qd7 25. d5 hxg5 26. hxg5 exd5 27. Nxd5 Rde8 28. Re5 Re6 29. Qf2 Kb8 30. Rxe6 Qxe6 31. Qc5 Ne8 32. Ne7 Nd6 33. Nd5 Ne8 34. a4 b6 35. Qd4 Rh2 36. Nb4 Kb7 37. Qd3 b5 38. axb5 a5 39. Qf3+ Kb6 40. f5 Qc4 41. Rd8 Kxb5 42. Rxe8 axb4 43. Qb7+ 1-0

[Event "Ruhrgebiet Regionalliga 1314"]
[Site "Ruhrgebiet"]
[Date "2014.03.23"]
[Round "8.5"]
[White "Schmedders, Hans Gerd"]
[Black "Mikulski, Georg"]
[Result "1/2-1/2"]
[WhiteElo "2069"]
[BlackElo "1934"]
[PlyCount "20"]
[EventDate "2013.09.22"]
[EventType "team-tourn"]
[EventRounds "9"]
[EventCountry "GER"]
[SourceTitle "EXT 2024"]
[Source "ChessBase"]
[SourceDate "2023.10.10"]
[SourceVersion "1"]
[SourceVersionDate "2023.10.10"]
[SourceQuality "1"]
[WhiteTeam "Wattenscheid III"]
[BlackTeam "Herne Sodingen II"]
[WhiteTeamCountry "GER"]
[BlackTeamCountry "GER"]

1. Nf3 Nf6 2. d4 g6 3. g3 Bg7 4. Bg2 d5 5. 0-0 0-0 6. c4 dxc4 7. Qc2 Nc6 8. Qxc4 Nd5 9. Rd1 Bf5 10. Nc3 Nb6 1/2-1/2

[Event "Ruhrgebiet Regionalliga 1314"]
[Site "Ruhrgebiet"]
[Date "2014.02.09"]
[Round "6.4"]
[White "Himmel, Hansjoerg"]
[Black "Schmedders, Hans Gerd"]
[Result "1-0"]
[WhiteElo "2124"]
[BlackElo "2069"]
[PlyCount "75"]
[EventDate "2013.09.22"]
[EventType "team-tourn"]
[EventRounds "9"]
[EventCountry "GER"]
[SourceTitle "EXT 2024"]
[Source "ChessBase"]
[SourceDate "2023.10.10"]
[SourceVersion "1"]
[SourceVersionDate "2023.10.10"]
[SourceQuality "1"]
[WhiteTeam "Kamen"]
[BlackTeam "Wattenscheid III"]
[WhiteTeamCountry "GER"]
[BlackTeamCountry "GER"]

1. e4 c6 2. d4 d5 3. e5 c5 4. dxc5 Nc6 5. Bb5 e6 6. Be3 Nge7 7. Nf3 Bd7 8. Qe2 Nf5 9. Bg5 Be7 10. Bxe7 Qxe7 11. c3 Qxc5 12. Bd3 Nfe7 13. Nbd2 Qb6 14. Nb3 a6 15. 0-0 0-0 16. Rfe1 f6 17. exf6 Rxf6 18. Qe3 Qc7 19. Nc5 Raf8 20. Ng5 Rh6 21. Nxd7 Qxd7 22. Nxe6 Rff6 23. Nd4 Qd6 24. h3 Rh4 25. Nxc6 Nxc6 26. Rad1 Rhf4 27. Rd2 g6 28. Bf1 Kg7 29. Red1 R4f5 30. Qb6 Rf7 31. Bc4 Re7 32. Bxd5 Rfe5 33. g3 Qd7 34. Kg2 Rxd5 35. Rxd5 Qe6 36. Qe3 Qf7 37. Qf3 Qe6 38. Qg4 1-0

[Event "Ruhrgebiet Regionalliga 1213"]
[Site "Nordrheinwestfalen"]
[Date "2012.10.14"]
[Round "2.6"]
[White "Schmedders, Hans Gerd"]
[Black "Nattermueller, Mathias"]
[Result "1-0"]
[WhiteElo "2051"]
[BlackElo "1940"]
[PlyCount "67"]
[EventDate "2012.09.09"]
[EventType "team-tourn"]
[EventRounds "9"]
[EventCountry "GER"]
[SourceTitle "EXT 2020"]
[Source "ChessBase"]
[SourceDate "2019.10.17"]
[SourceVersion "1"]
[SourceVersionDate "2019.10.17"]
[SourceQuality "1"]
[WhiteTeam "Wattenscheid SV III"]
[BlackTeam "Ahlen SV"]
[WhiteTeamCountry "GER"]
[BlackTeamCountry "GER"]

1. d4 f5 2. Bg5 d6 3. e4 fxe4 4. Nc3 Bf5 5. f3 e3 6. Bd3 Qd7 7. g4 Bxd3 8. Qxd3 Nc6 9. d5 Ne5 10. Qxe3 h5 11. h4 hxg4 12. f4 Nf7 13. Nge2 Ngh6 14. Nd4 c6 15. Qe4 cxd5 16. Nxd5 0-0-0 17. Ne6 Re8 18. Qg6 Kb8 19. 0-0-0 Rc8 20. Rhe1 Nxg5 21. hxg5 Qa4 22. Nxf8 Rhxf8 23. gxh6 gxh6 24. Rxe7 Rfd8 25. Qh7 Qc6 26. c3 Rh8 27. Qe4 h5 28. f5 g3 29. f6 h4 30. Rg7 Rce8 31. Qg4 Qc8 32. Qf4 Qe6 33. Ne7 Rhf8 34. Rxd6 1-0

[Event "Oberliga NRW 1112"]
[Site "Germany"]
[Date "2012.03.04"]
[Round "7.8"]
[White "Schmedders, Hans Gerd"]
[Black "Gupta, Milon"]
[Result "0-1"]
[WhiteElo "2083"]
[BlackElo "2230"]
[PlyCount "60"]
[EventDate "2011.09.18"]
[EventType "team-tourn"]
[EventRounds "9"]
[EventCountry "GER"]
[SourceTitle "EXT 2015"]
[Source "ChessBase"]
[SourceDate "2014.11.20"]
[SourceVersion "1"]
[SourceVersionDate "2014.11.20"]
[SourceQuality "1"]
[WhiteTeam "Wattenscheid II"]
[BlackTeam "Solingen II"]
[WhiteTeamCountry "GER"]
[BlackTeamCountry "GER"]

1. d4 d6 2. e4 Nf6 3. Nc3 c6 4. f4 Qa5 5. e5 Ne4 6. Bd3 Nxc3 7. Qd2 g6 8. Qxc3 Qxc3+ 9. bxc3 Bh6 10. Nf3 dxe5 11. fxe5 Bxc1 12. Rxc1 Bf5 13. 0-0 Bxd3 14. cxd3 Na6 15. Ng5 0-0 16. Rf3 h6 17. Ne4 b6 18. g4 Rad8 19. Rb1 Nc7 20. a4 Ne6 21. h4 Rd5 22. Kf2 Rfd8 23. Ke2 c5 24. dxc5 bxc5 25. Kd2 Rxe5 26. Kc2 c4 27. Nd2 cxd3+ 28. Rxd3 Rxd3 29. Kxd3 Ra5 30. c4 Rxa4 0-1

[Event "Ruhrgebiet Regionalliga 1112"]
[Site "Nordrheinwestfalen"]
[Date "2012.01.15"]
[Round "6.6"]
[White "Huette, Stefan"]
[Black "Schmedders, Hans Gerd"]
[Result "1/2-1/2"]
[WhiteElo "1954"]
[BlackElo "2083"]
[PlyCount "52"]
[EventDate "2011.09.25"]
[EventType "team-tourn"]
[EventRounds "9"]
[EventCountry "GER"]
[SourceTitle "EXT 2020"]
[Source "ChessBase"]
[SourceDate "2019.10.17"]
[SourceVersion "1"]
[SourceVersionDate "2019.10.17"]
[SourceQuality "1"]
[WhiteTeam "Hattingen"]
[BlackTeam "Wattenscheid SV III"]
[WhiteTeamCountry "GER"]
[BlackTeamCountry "GER"]

1. e4 c6 2. d4 d5 3. exd5 cxd5 4. Bd3 Nc6 5. c3 Nf6 6. Bf4 Bg4 7. Qb3 Qd7 8. Nd2 Nh5 9. Be3 e5 10. dxe5 Nxe5 11. Bb5 Nc6 12. Ngf3 Be6 13. Ne5 Qc7 14. Qa4 Rc8 15. Nxc6 bxc6 16. Be2 Nf6 17. b4 Ra8 18. b5 cxb5 19. Bxb5+ Bd7 20. Bxd7+ Qxd7 21. Qxd7+ Nxd7 22. c4 dxc4 23. Nxc4 Bb4+ 24. Ke2 0-0 25. Rab1 Bc5 26. Rhd1 Bxe3 1/2-1/2

[Event "Ruhrgebiet Regionalliga 1112"]
[Site "Nordrheinwestfalen"]
[Date "2011.10.23"]
[Round "2.6"]
[White "Schmedders, Hans Gerd"]
[Black "Neumann, Carsten"]
[Result "1-0"]
[WhiteElo "2083"]
[BlackElo "2058"]
[PlyCount "25"]
[EventDate "2011.09.25"]
[EventType "team-tourn"]
[EventRounds "9"]
[EventCountry "GER"]
[SourceTitle "EXT 2020"]
[Source "ChessBase"]
[SourceDate "2019.10.17"]
[SourceVersion "1"]
[SourceVersionDate "2019.10.17"]
[SourceQuality "1"]
[WhiteTeam "Wattenscheid SV III"]
[BlackTeam "Kamen SV"]
[WhiteTeamCountry "GER"]
[BlackTeamCountry "GER"]

1. d4 g6 2. e4 Bg7 3. Nc3 d6 4. f4 a6 5. Nf3 b5 6. Bd3 Nd7 7. e5 c5 8. Be4 Rb8 9. 0-0 b4 10. Ne2 f5 11. Bd5 dxe5 12. dxe5 Nh6 13. e6 1-0

[Event "Ruhrgebiet Verbandsliga1 1011"]
[Site "Nordrheinwestfalen"]
[Date "2011.04.10"]
[Round "9.7"]
[White "Masberg, Stefan"]
[Black "Schmedders, Hans Gerd"]
[Result "1/2-1/2"]
[WhiteElo "1881"]
[BlackElo "2083"]
[PlyCount "88"]
[EventDate "2011.09.12"]
[EventType "team-tourn"]
[EventRounds "9"]
[EventCountry "GER"]
[SourceTitle "EXT 2020"]
[Source "ChessBase"]
[SourceDate "2019.10.17"]
[SourceVersion "1"]
[SourceVersionDate "2019.10.17"]
[SourceQuality "1"]
[WhiteTeam "Bottrop SV"]
[BlackTeam "Wattenscheid SV"]
[WhiteTeamCountry "GER"]
[BlackTeamCountry "GER"]

1. e4 c5 2. Nf3 e6 3. d4 cxd4 4. Nxd4 Nf6 5. Bd3 Nc6 6. Nxc6 bxc6 7. e5 Qa5+ 8. Nc3 Qxe5+ 9. Qe2 Qxe2+ 10. Nxe2 Be7 11. 0-0 0-0 12. Bd2 d5 13. c3 e5 14. b4 a5 15. a4 e4 16. Bc2 Ba6 17. Rfe1 Bc4 18. Nd4 Rfc8 19. f3 c5 20. bxc5 Bxc5 21. fxe4 Rab8 22. exd5 Nxd5 23. Bf5 Rd8 24. Rab1 g6 25. Rxb8 Rxb8 26. Be4 Rb2 27. Bxd5 Bxd5 28. Re5 Bxd4+ 29. cxd4 Bxg2 30. Re8+ Kg7 31. Re2 Rxd2 32. Rxd2 Bc6 33. d5 Bxa4 34. d6 Bd7 35. Re2 Kf8 36. Re7 Be6 37. Ra7 Ke8 38. Kf2 a4 39. Rxa4 Kd7 40. Rd4 g5 41. Ke3 f5 42. Rd2 Kc6 43. Kf3 Bd7 44. Ke3 Kc5 1/2-1/2

[Event "Ruhrgebiet Verbandsliga1 1011"]
[Site "Nordrheinwestfalen"]
[Date "2010.09.12"]
[Round "1.6"]
[White "Kropp, Andreas Juergen"]
[Black "Schmedders, Hans Gerd"]
[Result "0-1"]
[WhiteElo "1966"]
[BlackElo "2083"]
[PlyCount "78"]
[EventDate "2011.09.12"]
[EventType "team-tourn"]
[EventRounds "9"]
[EventCountry "GER"]
[SourceTitle "EXT 2020"]
[Source "ChessBase"]
[SourceDate "2019.10.17"]
[SourceVersion "1"]
[SourceVersionDate "2019.10.17"]
[SourceQuality "1"]
[WhiteTeam "Dortmund Hansa III"]
[BlackTeam "Wattenscheid SV"]
[WhiteTeamCountry "GER"]
[BlackTeamCountry "GER"]

1. d4 Nf6 2. Nf3 d6 3. Nc3 Bf5 4. Nh4 Bd7 5. e4 e5 6. Nf3 exd4 7. Nxd4 g6 8. Be2 Bg7 9. Be3 Nc6 10. Qd2 a6 11. f3 b5 12. Nxc6 Bxc6 13. Bh6 Nxe4 14. Nxe4 Qh4+ 15. g3 Qxh6 16. Nf6+ Kd8 17. Qxh6 Bxh6 18. 0-0 Be3+ 19. Kg2 Bd4 20. Ne4 Bxb2 21. Rab1 Bg7 22. c4 Re8 23. cxb5 axb5 24. Bxb5 Rxa2+ 25. Rf2 Rxf2+ 26. Kxf2 Bxb5 27. Rxb5 h6 28. g4 Kd7 29. g5 hxg5 30. Rxg5 Be5 31. h3 Rh8 32. Kg2 Ra8 33. Nc5+ Ke7 34. Nd3 Ra2+ 35. Kf1 Ke6 36. Rg4 c5 37. Re4 Kd5 38. Rh4 Rd2 39. Ne1 Rd1 0-1

[Event "Ruhrgebiet Regionalliga 0910"]
[Site "Germany"]
[Date "2009.12.13"]
[Round "4.8"]
[White "Kasparova, Tatiana"]
[Black "Schmedders, Hans Gerd"]
[Result "1/2-1/2"]
[WhiteElo "2191"]
[BlackElo "2205"]
[PlyCount "65"]
[EventDate "2009.09.06"]
[EventType "team-tourn"]
[EventRounds "9"]
[EventCountry "GER"]
[SourceTitle "EXT 2011"]
[Source "ChessBase"]
[SourceDate "2010.11.26"]
[SourceVersion "1"]
[SourceVersionDate "2010.11.26"]
[SourceQuality "1"]
[WhiteTeam "Dortmund Hansa III"]
[BlackTeam "Wattenscheid III"]
[WhiteTeamCountry "GER"]
[BlackTeamCountry "GER"]

1. e4 c6 2. d4 d5 3. Nc3 dxe4 4. Nxe4 Nd7 5. Bc4 Ngf6 6. Ng5 e6 7. Qe2 Nb6 8. Bd3 h6 9. N5f3 c5 10. dxc5 Bxc5 11. Ne5 a6 12. Ngf3 Nbd5 13. a3 a5 14. 0-0 0-0 15. Bd2 Qe7 16. c4 Nb6 17. Bc2 Bd7 18. Nxd7 Nbxd7 19. Bc3 Rfe8 20. Rad1 b6 21. Rfe1 Ng4 22. Nd4 Qh4 23. h3 Qxf2+ 24. Qxf2 Nxf2 25. Kxf2 e5 26. Ba4 exd4 27. Rxe8+ Rxe8 28. Bxd4 Re7 29. Bxc5 Nxc5 30. Rd8+ Kh7 31. Bc2+ g6 32. Rd6 Ne4+ 33. Bxe4 1/2-1/2

[Event "Ruhrgebiet Regionalliga 0910"]
[Site "Germany"]
[Date "2009.11.08"]
[Round "3.6"]
[White "Weimer, Eduard"]
[Black "Schmedders, Hans Gerd"]
[Result "1/2-1/2"]
[WhiteElo "2117"]
[BlackElo "2205"]
[PlyCount "134"]
[EventDate "2009.09.06"]
[EventType "team-tourn"]
[EventRounds "9"]
[EventCountry "GER"]
[SourceTitle "EXT 2011"]
[Source "ChessBase"]
[SourceDate "2010.11.26"]
[SourceVersion "1"]
[SourceVersionDate "2010.11.26"]
[SourceQuality "1"]
[WhiteTeam "Hamm Koenigsspringer"]
[BlackTeam "Wattenscheid III"]
[WhiteTeamCountry "GER"]
[BlackTeamCountry "GER"]

1. e4 a6 2. d4 b5 3. c4 Bb7 4. d5 e6 5. cxb5 Qh4 6. dxe6 Qxe4+ 7. Qe2 fxe6 8. Qxe4 Bxe4 9. Nc3 Bb4 10. Bd2 Bb7 11. a3 Bc5 12. Rc1 Nf6 13. bxa6 Nxa6 14. Nb5 0-0 15. Nh3 Ne4 16. Be3 Bxe3 17. fxe3 c5 18. Be2 Bc6 19. Bf3 Rab8 20. a4 Nb4 21. Ke2 Rxb5 22. axb5 Bxb5+ 23. Kd1 Ba4+ 24. b3 Bxb3+ 25. Ke2 Bd5 26. Nf4 Bc6 27. Rhd1 Bb5+ 28. Ke1 Rxf4 29. exf4 Nd3+ 30. Rxd3 Bxd3 31. g3 Nf6 32. Rxc5 Kf7 33. Rc7 Ke7 34. g4 Be4 35. Bxe4 Nxe4 36. Ke2 h6 37. Ke3 Nf6 38. Kf3 g5 39. Rc8 Kf7 40. h3 Kg7 41. Rd8 Kg6 42. Rh8 Kg7 43. Ra8 Kg6 44. Ra7 Kf7 45. Ra5 Kg6 46. Re5 Nd5 47. Rxd5 exd5 48. f5+ Kf6 49. Ke3 Ke5 50. Kd3 h5 51. Ke3 hxg4 52. hxg4 d4+ 53. Kd2 Kd5 54. Kc2 Ke5 55. Kb3 Kd5 56. Kb4 Ke4 57. f6 d3 58. f7 d2 59. f8Q d1Q 60. Qf5+ Ke3 61. Qxg5+ Kd4 62. Qf4+ Kd5 63. Qf5+ Kd6 64. Qf6+ Kd5 65. g5 Qb1+ 66. Ka5 Qe1+ 67. Kb5 Qe2+ 1/2-1/2

[Event "Ruhrgebiet VL2 0708"]
[Site "Germany"]
[Date "2008.03.09"]
[Round "7.7"]
[White "Tochtrop, Lothar"]
[Black "Schmedders, Hans Gerd"]
[Result "0-1"]
[WhiteElo "2060"]
[BlackElo "2206"]
[PlyCount "78"]
[EventDate "2007.09.02"]
[EventType "team"]
[EventRounds "9"]
[EventCountry "GER"]
[SourceTitle "EXT 2009"]
[Source "ChessBase"]
[SourceDate "2008.11.26"]
[SourceVersion "1"]
[SourceVersionDate "2008.11.26"]
[SourceQuality "1"]
[WhiteTeam "Bottrop"]
[BlackTeam "Wattenscheid III"]
[WhiteTeamCountry "GER"]
[BlackTeamCountry "GER"]

1. e4 c6 2. c4 e5 3. Nf3 d6 4. d4 Nd7 5. Be2 Ngf6 6. Nc3 g6 7. Bg5 h6 8. Be3 Ng4 9. Bc1 Bg7 10. h3 Ngf6 11. Be3 0-0 12. Qd2 Kh7 13. dxe5 dxe5 14. b4 a5 15. b5 Qe7 16. Qc2 Nc5 17. 0-0 Nh5 18. Rfd1 Nf4 19. Bf1 f5 20. Nd2 Nfe6 21. f3 Nd4 22. Qb2 Qh4 23. Nb3 Nce6 24. Qf2 Qe7 25. Ne2 Nxb3 26. axb3 fxe4 27. Ng3 exf3 28. gxf3 Nd4 29. f4 Qh4 30. Kh2 exf4 31. Ne4 Nf3+ 32. Qxf3 fxe3 33. Qxe3 Be5+ 34. Kh1 Rf4 35. Bd3 Bxh3 36. Ra2 Bg4+ 37. Kg1 Bxd1 38. Rg2 Rg4 39. Ng3 Qxg3 0-1

[Event "Ruhrgebiet VL2 0708"]
[Site "Germany"]
[Date "2008.02.17"]
[Round "6.8"]
[White "Wallhof, Dieter"]
[Black "Schmedders, Hans Gerd"]
[Result "1-0"]
[WhiteElo "2064"]
[BlackElo "2206"]
[PlyCount "69"]
[EventDate "2007.09.02"]
[EventType "team"]
[EventRounds "9"]
[EventCountry "GER"]
[SourceTitle "EXT 2009"]
[Source "ChessBase"]
[SourceDate "2008.11.26"]
[SourceVersion "1"]
[SourceVersionDate "2008.11.26"]
[SourceQuality "1"]
[WhiteTeam "Welper SV"]
[BlackTeam "Wattenscheid III"]
[WhiteTeamCountry "GER"]
[BlackTeamCountry "GER"]

1. Nf3 d5 2. g3 Nc6 3. d4 Bg4 4. Bg2 Qd7 5. Bf4 e6 6. 0-0 Bd6 7. Ne5 Nxe5 8. dxe5 Bc5 9. h3 Bh5 10. c4 c6 11. g4 Bg6 12. Qc1 Bb6 13. Rd1 Qc8 14. Nc3 Ne7 15. Na4 Bc7 16. Bg3 0-0 17. cxd5 cxd5 18. Qd2 f6 19. Rac1 fxe5 20. Bxe5 Nc6 21. Bxc7 Qxc7 22. Nc5 Rae8 23. b4 Qf7 24. e3 Kh8 25. f4 d4 26. Nxb7 dxe3 27. Qxe3 Qxb7 28. Bxc6 Qxb4 29. Bxe8 Rxe8 30. Rd4 Qb6 31. Qf2 Rf8 32. Rdc4 Qb8 33. Qe3 h6 34. Qe5 Qb6+ 35. Qd4 1-0

[Event "Sitges op 31st"]
[Site "Sitges"]
[Date "2005.07.??"]
[Round "7"]
[White "Schmedders, Hans Gerd"]
[Black "Gomez Jurado, Luis Alberto"]
[Result "0-1"]
[WhiteElo "2177"]
[BlackElo "2292"]
[PlyCount "78"]
[EventDate "2005.07.??"]
[EventType "swiss"]
[EventRounds "9"]
[EventCountry "ESP"]
[SourceTitle "EXT 2006"]
[Source "ChessBase"]
[SourceDate "2005.11.24"]
[SourceVersion "1"]
[SourceVersionDate "2005.11.24"]
[SourceQuality "1"]

1. d4 Nf6 2. Bg5 Ne4 3. h4 c5 4. dxc5 Qa5+ 5. c3 Qxc5 6. Be3 Qc7 7. Nd2 Nxd2 8. Qxd2 Nc6 9. Nf3 e5 10. g3 h6 11. Bg2 d6 12. 0-0 Be6 13. c4 Bxc4 14. Rfc1 Be6 15. b4 a6 16. a4 Be7 17. Rab1 Qd7 18. b5 axb5 19. axb5 Na5 20. Qb4 0-0 21. Nd2 d5 22. Bc5 Bxc5 23. Rxc5 b6 24. Rc2 Rac8 25. Rbc1 Rxc2 26. Rxc2 Rc8 27. Rxc8+ Qxc8 28. Qd6 Qc1+ 29. Nf1 Qc4 30. Qxe5 Qxb5 31. Ne3 Nc6 32. Qd6 Nb4 33. g4 Qc5 34. Qd8+ Kh7 35. h5 Nc6 36. Qe8 b5 37. Nf5 b4 38. Kh2 b3 39. Nh4 Qe7 0-1

[Event "Ruhrgebiet Regionalliga 0405"]
[Site "Ruhrgebiet"]
[Date "2005.03.20"]
[Round "8.3"]
[White "Schmedders, Hans Gerd"]
[Black "Strozewski, Frank"]
[Result "1/2-1/2"]
[WhiteElo "2086"]
[BlackElo "2025"]
[PlyCount "123"]
[EventDate "2004.09.19"]
[EventType "team"]
[EventRounds "9"]
[EventCountry "GER"]
[SourceTitle "EXT 2006"]
[Source "ChessBase"]
[SourceDate "2005.11.24"]
[SourceVersion "1"]
[SourceVersionDate "2005.11.24"]
[SourceQuality "1"]
[WhiteTeam "Wattenscheid III"]
[BlackTeam "Erkenschwick"]
[WhiteTeamCountry "GER"]
[BlackTeamCountry "GER"]

1. e4 d6 2. d4 g6 3. f4 Bg7 4. Nf3 Bg4 5. c3 Nd7 6. Bc4 e6 7. h3 Bxf3 8. Qxf3 Ne7 9. 0-0 0-0 10. Bb3 c6 11. Be3 d5 12. Nd2 f5 13. exd5 exd5 14. Bf2 Nf6 15. Bh4 Qd7 16. Qe3 Rae8 17. Bxf6 Bxf6 18. Nf3 Nc8 19. Ne5 Qg7 20. c4 dxc4 21. Bxc4+ Kh8 22. Qa3 Qe7 23. Qa5 Kg7 24. Rad1 Qd6 25. Kh1 Re7 26. Bb3 Qd8 27. Qa3 Qc7 28. Qc5 Rd8 29. Rfe1 Qb6 30. Nc4 Qxc5 31. dxc5 Rxe1+ 32. Rxe1 b6 33. Re6 b5 34. Ne5 Ne7 35. Nxc6 Nxc6 36. Rxc6 Rd7 37. Be6 Re7 38. b4 Bc3 39. a3 Bb2 40. Ra6 Bc1 41. g3 Kf8 42. Kg2 Rc7 43. Kf3 Ke7 44. Bg8 Kf8 45. Be6 Ke7 46. g4 Bxa3 47. Rxa3 Kxe6 48. Ke3 Kd5 49. Kd3 fxg4 50. Ra6 Rd7 51. hxg4 g5 52. fxg5 Ke5+ 53. Kc3 Rg7 54. g6 hxg6 55. Rd6 g5 56. Rd8 Rf7 57. Re8+ Kd5 58. Rg8 Rf3+ 59. Kd2 Rb3 60. Rxg5+ Ke6 61. c6 Kd6 62. Rxb5 1/2-1/2

[Event "Ruhrgebiet Regionalliga 0405"]
[Site "Ruhrgebiet"]
[Date "2004.11.14"]
[Round "3.3"]
[White "Schmedders, Hans Gerd"]
[Black "Georg, Heinz"]
[Result "0-1"]
[WhiteElo "2086"]
[BlackElo "2181"]
[PlyCount "42"]
[EventDate "2004.09.19"]
[EventType "team"]
[EventRounds "9"]
[EventCountry "GER"]
[SourceTitle "EXT 2006"]
[Source "ChessBase"]
[SourceDate "2005.11.24"]
[SourceVersion "1"]
[SourceVersionDate "2005.11.24"]
[SourceQuality "1"]
[WhiteTeam "Wattenscheid III"]
[BlackTeam "Kamen"]
[WhiteTeamCountry "GER"]
[BlackTeamCountry "GER"]

1. d4 f5 2. Bg5 h6 3. Bh4 g5 4. e4 Nf6 5. e5 e6 6. exf6 Qxf6 7. Bg3 f4 8. Nf3 Nc6 9. c3 Bg7 10. Bb5 0-0 11. Nbd2 fxg3 12. 0-0 g4 13. Bxc6 bxc6 14. Ne5 gxh2+ 15. Kh1 h5 16. Qe2 Qf5 17. Kxh2 c5 18. f3 cxd4 19. cxd4 Qf4+ 20. g3 Qxd4 21. Ng6 Ba6 0-1